| 000 | 00393nam a2200157Ia 4500 | ||
|---|---|---|---|
| 008 | 210716s2011 xx 000 0 und d | ||
| 020 | _a9788131506639 | ||
| 041 | _aeng | ||
| 082 | _a158.35 CORG | ||
| 100 | _aGerald, Corey. | ||
| 245 | _aGroup counseling. | ||
| 250 | _a1 | ||
| 260 |
_aNew Delhi _bCengage Learning India Pvt Ltd _c2011 |
||
| 300 | _a387 | ||
| 650 | _aCouselling & Coaching | ||
| 999 |
_c207400 _d207400 |
||